Историческая память, патриотизм и проблема национальной идентичности молодежи в год Российской истории: Всероссийская молодежная конференция, Томск 27-28 сентября 2012 г.; сборник научных трудов

Podrobná bibliografie
Korporace: Национальный исследовательский Томский политехнический университет (ТПУ), Историческая память, патриотизм и проблема национальной идентичности молодежи в год Российской истории Всероссийская молодежная конференция
Další autoři: Трубникова Н. В. Наталья Валерьевна (редактор), Штанько М. А. Марина Александровна
Shrnutí:В сборнике представлен широкий круг исследований студентов, преподавателей, аспирантов и молодых учёных Томска и ряда других городов России. Сборник посвящен теоретическим и практическим аспектам формирования исторической памяти молодежи, в том числе роли политических и социальных институтов в этом процессе. Особое внимание уделено вопросам патриотизма и национальной идентичности современной российской молодежи. Также затронуты проблемы перспективы развития Россия в ближайшем будущем.
Jazyk:ruština
Vydáno: Томск, Изд-во ТПУ, 2012
Témata:
Médium: MixedMaterials Kniha
KOHA link:https://koha.lib.tpu.ru/cgi-bin/koha/opac-detail.pl?biblionumber=247801

MARC

LEADER 00000nam0a2200000 4500
001 247801
005 20241126063151.0
035 |a (RuTPU)RU\TPU\book\269409 
090 |a 247801 
100 |a 20140115d2012 k y0rusy50 ca 
101 0 |a rus 
102 |a RU 
105 |a y z 101zy 
200 1 |a Историческая память, патриотизм и проблема национальной идентичности молодежи в год Российской истории  |e Всероссийская молодежная конференция, Томск 27-28 сентября 2012 г.  |e сборник научных трудов  |f Национальный исследовательский Томский политехнический университет (ТПУ) , под ред. Н. В. Трубниковой, М. А. Штанько 
210 |a Томск  |c Изд-во ТПУ  |d 2012 
215 |a 240 с. 
320 |a Библиография в конце докладов. 
330 |a В сборнике представлен широкий круг исследований студентов, преподавателей, аспирантов и молодых учёных Томска и ряда других городов России. Сборник посвящен теоретическим и практическим аспектам формирования исторической памяти молодежи, в том числе роли политических и социальных институтов в этом процессе. Особое внимание уделено вопросам патриотизма и национальной идентичности современной российской молодежи. Также затронуты проблемы перспективы развития Россия в ближайшем будущем. 
606 1 |a Молодежь  |x Россия  |2 stltpush  |3 (RuTPU)RU\TPU\subj\44349 
606 |a Россия  |x История  |7 ca  |8 rus  |2 stltpush  |3 (RuTPU)RU\TPU\subj\64777  |9 81526 
610 1 |a молодежная политика 
610 1 |a молодежная среда 
610 1 |a молодежные организации 
610 1 |a патриотизм 
610 1 |a патриотическое воспитание 
610 1 |a национальная идентичность 
610 1 |a историческая память 
610 1 |a труды учёных ТПУ 
610 1 |a конференции 
686 |a Ф75(2)л0  |v LBC/SL-A  |2 rubbk 
686 |a Т3(2)л0  |v LBC/SL-A  |2 rubbk 
702 1 |a Трубникова  |b Н. В.  |c историк  |c профессор Томского политехнического университета, доктор исторических наук  |f 1973-  |g Наталья Валерьевна  |2 stltpush  |3 (RuTPU)RU\TPU\pers\25444  |4 340 
702 1 |a Штанько  |b М. А.  |c философ  |c доцент Томского политехнического университета, кандидат философских наук  |f 1976-  |g Марина Александровна  |2 stltpush  |3 (RuTPU)RU\TPU\pers\25569  |4 340 
712 0 2 |a Национальный исследовательский Томский политехнический университет (ТПУ)  |c (2009- )  |2 stltpush  |3 (RuTPU)RU\TPU\col\15902 
712 1 2 |a Историческая память, патриотизм и проблема национальной идентичности молодежи в год Российской истории  |b Всероссийская молодежная конференция  |e Томск  |f 2012 
801 1 |a RU  |b 63413507  |c 20140115 
801 2 |a RU  |b 63413507  |c 20150319  |g RCR 
942 |c BK